000
00339nam a2200145Ia 4500
008
191201s2001 xx 000 0 und d
082
_a
621.3815
_b
KAI
100
_a
KAMICHIK, S
245
0
_a
I C Design Projects
250
_a
1st
260
_a
N.Delhi
_b
BPB Publication
_c
2001
300
_a
261
650
_a
B.Tech(ECE)
942
_2
ddc
_c
BK
999
_c
1799
_d
1799